La musique et l'univers de Tintin - Statistiques

Statistiques générales
  • Ce quiz a été pris 69 fois
  • Le résultat moyen est 11 sur 18
Statistiques - réponses
Questions Réponses % Correct
Cantatrice récurrente dans les aventures de Tintin. Bianca Castafiore
100%
Compositeur idéaliste allemand connu pour ses symphonies et sonates ainsi que pour sa "Lettre à Élise". Haddock appelle ironiquement le précédent par le nom de ce compositeur allemand : "... avec son Irma et son espèce de ________." Ludwig van Beethoven
80%
Compositeur français de l'opéra Carmen dont le gardien du musée ethnographique chante l'air du Toréador (dans "L'Oreille cassée"). Georges Bizet
70%
Pianiste qui accompagne le chant de la précédente. Igor Wagner
70%
Opéra en cinq actes dont la cantatrice (réponse #1) chante constamment "L'air des bijoux". Faust
67%
Danse brésilienne que propose le Marquis di Gorgonzola à ses invités pour son bal travesti sur son yacht. La samba
67%
Danse traditionnelle grecque à laquelle se joint Haddock (Georges Wilson) dans le film "Tintin et le Mystère de la Toison d'or". Le sirtaki
63%
Instrument de musique à vent de la famille des cuivres dont jouaient de grands musiciens de jazz tels Nick La Rocca ou encore King Oliver. Deux de ces instruments sont employés dans la Symphonie fantastique de Berlioz. Haddock cite souvent avec ironie cet instrument comme dans "Le Trésor de Rackham le Rouge" : - Mais c'est ce que je fais, tonnerre de Brest. Est-ce que j'ai l'air de jouer du ____ à pistons ? Cornet
57%
Compositeur de l'opéra précédent, à qui l'on doit également "L'Ouverture Guillaume Tell". Gioachino Rossini
57%
Auteur-compositeur narbonnais dont la chanson "Boum !" a été pastichée par Hergé dans "Tintin au pays de l'or noir" et dont Haddock chantait "Le Soleil et la Lune" dans "Le Temple du Soleil". Charles Trenet
55%
Société de dépannage fictive qui diffusait à la radio ce pastiche de la chanson "Boum !". La dépanneuse Simoun
52%
Danse à trois-temps de musique baroque, l'une des préférées de Louis XIV. Haddock y fait référence dans "Le Trésor de Rackham le Rouge", en répondant à Tournesol. - Capitaine !... Capitaine !... Le bateau avance !... - Et bien que voulez-vous qu'il fasse ? Qu'il danse le ______ ? Le menuet
52%
Style de musique typiquement américain issu du blues des Noirs et sur lequel Haddock ironise à partir de son nom tel qu'il a été écorché par le "Rossignol milanais" (réponse #1) dans "Coke en stock". Le rock 'n' roll
50%
Compositeur de l'opéra précédent. Charles Gounod
48%
Compositeur italien de l'opéra Madame Butterfly que chante le Professeur Siclone lorsque Tintin le retrouve : "Sur la mer calmée ..." (l'aria solo le plus célèbre de cet opéra : « Un bel dì, vedremo » - littéralement : « Un beau jour nous verrons »). Il est également l'auteur de Manon Lescaut, de La Bohème ou encore de Messa a quattro voci. Giacomo Puccini
48%
Célèbre auteur-compositeur belge, auteur de la "Chanson de Zorrino" du dessin animé "Tintin et le Temple du Soleil" sorti en 1969, chanson interprétée par Lucie Dolène et Linette Lemercier. Jacques Brel
43%
Romancier et homme d'État allemand franc-maçon hostile autant à la Révolution française qu'à l'absolutisme royal. Il est l'auteur original de la tragédie (réponse #4) adaptée en opéra par le précédent. Johann Wolfgang von Goethe
43%
Traduction de "La pie voleuse" en italien, également titre d'un opéra que devait interprété le "Rossignol milanais" (réponse #1) à la Scala de Milan. Ce nom mit la puce à l'oreille de Tintin qui comprit que l'émeraude avait été volée par une pie. La gazza ladra
38%
Aucun quiz correspondant
Distribution des résultats
% des personnes avec chaque résultat
Percentile par nombre de réponses
Votre historique - résultats
Vous n’avez pas pris ce quiz